| 000 | 00665cab a2200229 4500 | ||
|---|---|---|---|
| 001 | WB3412-36 | ||
| 008 | 090401t1998 xxu||||| |||| 00| 0 eng d | ||
| 035 | _a(Sirsi) u85186 | ||
| 041 | _aeng | ||
| 245 | _aJapan property prices fall | ||
| 260 | _c1998 | ||
| 350 | _a0 | ||
| 490 |
_aFinancial Times _v25 March 1998, 6(1) |
||
| 520 | _aResidential property prices in Japan will continue to fall according to one of the country`s leading real estate developers. | ||
| 650 | _aFORECASTS | ||
| 650 | _aHOUSE PRICES | ||
| 650 | _aJAPAN | ||
| 650 |
_aRESIDENTIAL PROPERTY _96266 |
||
| 690 | _aOVERSEAS-REST OF THE WORLD | ||
| 942 | _n0 | ||
| 948 | _c25/03/1998 | ||
| 999 |
_c53548 _d53548 |
||